000 00293nam a2200121Ia 4500
008 220204s9999 xx 000 0 und d
082 _a635.9
_bDAV
100 _aDAVIDSON, William
245 0 _aAll about house plants
260 _aLondon
_bHamyln
_c1974
650 _aHouse plants
942 _cBK
999 _c38438
_d38438